Nghề làm gốm gia dụng thủ công ở Biên Hoà /

Spremljeno u:
Bibliografski detalji
Glavni autor: Nguyễn Thị Nguyệt.
Format: Članak
Jezik:Vietnamese
Teme:
Oznake: Dodaj oznaku
Bez oznaka, Budi prvi tko označuje ovaj zapis!
Thư viện lưu trữ: Thư viện Trường Đại học Đà Lạt
LEADER 00863nam a2200289 4500
001 DLU090080139
005 ##20090619
040 # # |a DLU  |b vie 
041 # # |a vie 
044 # # |a vn 
100 # # |a Nguyễn Thị Nguyệt. 
245 # # |a Nghề làm gốm gia dụng thủ công ở Biên Hoà /  |c Nguyễn Thị Nguyệt. 
653 # # |a Bản sắc văn hoá 
653 # # |a Biên Hoà 
653 # # |a Làng nghề truyền thống 
653 # # |a Nghề gốm 
653 # # |a Nghề thủ công truyền thống 
773 # # |t Văn hoá Nghệ thuật  |g Số 11(173), 1998, tr. 50-51 
920 # # |a Phòng Tạp chí -- Trung tâm Thông tin - Thư viện Trường Đại học Đà Lạt 
994 # # |a DLU 
900 # # |a True 
911 # # |a Đào Thị Thu Huyền 
925 # # |a G 
926 # # |a A 
927 # # |a BB 
980 # # |a Thư viện Trường Đại học Đà Lạt